000
00251nam a2200109Ia 4500
008
190216s9999||||xx |||||||||||||| ||und||
100
_a
Hrishikesh Chakraborty
245
0
_a
Management Accountancy
260
_b
Null
_c
1976
300
_a
778p
942
_c
BK
999
_c
4185
_d
4185